01051nam a2200277Ia 450000500170000000800390001702000180005610000280007424501190010225000220022130000620024353400480030565000470035365000470040065000330044765000340048065000350051470000320054970000290058126400290061033600270063933700330066633800280069904000350072708400110076220220317000234.0141031s2012 c a0 sga d s 0j s  a97884938429631 aTrivizas, Eugened1946-14aLos tres lobitos y el cochino ferozcEugene Trivizas ; ilustraciones de Helen Oxenbury ; traducción Alex Dearden aSegunda edición a[30] páginas sin enumerarbilustraciones a colorc28 cm tThe three little wolves and the big bad pig142LEMBaCuentos infantiles griegosySiglo XX142LEMBaLiteratura infantil griegaySiglo XX142LEMBaLobos en la literatura142LEMBaCerdos en la literatura142LEMBaAmistad en la literatura1 aOxenbury, Heleneilustrador1 aDearden, Alexetraductor aBarcelonabEkaréc2012 atextobtxt2rdacontent asin mediaciónbn2rdamedia avolumenbnc2rdacarrier aCO-BoRNBPbspaerdacCO-BoRNBP aC TRI1